Proceedings The European Design and Test Conference ED & TC 1995 Paris, France, March 6-9, 1995

Salvato in:
Dettagli Bibliografici
Natura: Libro
Lingua:inglese
Pubblicazione: Los Alamitos : IEEE Computer Society, 1995
Tags: Aggiungi Tag
Nessun Tag, puoi essere il primo ad aggiungerne!!

MARC

LEADER 00000nam a22000003a 4500
001 stu275708
005 20141123185208.0
008 131004s--------xxu-----------------eng-d
020 |a 0-8186-7039-8 
040 |a STU  |b slo 
041 0 |a eng 
044 |a xxu 
245 |a Proceedings The European Design and Test Conference ED & TC 1995 Paris, France, March 6-9, 1995 
260 |a Los Alamitos :  |b IEEE Computer Society,  |c 1995 
300 |a 611 s 
996 |c I*Z7757  |l I  |s A  |a 24  |w stu275708_0001